000
00285nam a2200121Ia 4500
005
20251222151313.0
008
251222s9999||||xx |||||||||||||| ||spa||
082
_a
861/A39
100
_a
Aleixandre, Vicente
245
0
_a
En un Vasto Dominio
264
_b
Diario Público
942
_c
LIB
999
_c
23422
_d
23422